Statistics for Letterboxd Top 50 Films

Click here to take the quiz!

General Stats

  • This quiz has been taken 12 times
  • The average score is 30 of 50

Answer Stats

RankYearActor/ActressFilm% Correct
11972Marlon BrandoThe Godfather
100%
432003Elijah WoodThe Lord of the Rings: The Return of the King
100%
21974Al PacinoThe Godfather: Part II
100%
181993Liam NeesonSchindler's List
100%
161990Ray LiottaGoodFellas
100%
131994John TravoltaPulp Fiction
100%
121966Clint EastwoodThe Good, the Bad and the Ugly
100%
152008Christian BaleThe Dark Knight
100%
291960Anthony PerkinsPsycho
100%
71980Mark HamillThe Empire Strikes Back
100%
471991Anthony HopkinsThe Silence of the Lambs
100%
111994Tim RobbinsThe Shawshank Redemption
88%
461980Jack NicholsonThe Shining
88%
51957Henry Fonda12 Angry Men
88%
31954Toshirō MifuneSeven Samurai
88%
301954James StewartRear Window
75%
232007Daniel Day-LewisThere Will Be Blood
75%
411931Charlie ChaplinCity Lights
63%
281979Marlon BrandoApocalypse Now
63%
271968Keir Dullea2001: A Space Odyssey
63%
211950William HoldenSunset Boulevard
63%
342014J.K. SimmonsWhiplash
63%
311966Anatoliy SolonitsynAndrei Rublev
50%
441984Harry Dean StantonParis, Texas
50%
322000Tony Leung Chiu-WaiIn the Mood for Love
50%
361957Kirk DouglasPaths of Glory
50%
452002Alexandre RodriguesCity of God
50%
391968Claudia CardinaleOnce Upon a Time in the West
50%
381979Tom SkerrittAlien
50%
501948Moira ShearerThe Red Shoes
50%
251953Chishū RyūTokyo Story
50%
241966Bibi AnderssonPersona
50%
141928Maria FalconettiThe Passion of Joan of Arc
50%
221979Aleksandr KaydanovskiyStalker
50%
102001Rumi HiragiSpirited Away
38%
491954Kinuyo TanakaSansho the Bailiff
38%
481955Birgitte FederspielOrdet
38%
61985Aleksei KravchenkoCome and See
38%
91963Toshirō MifuneHigh and Low
38%
421985Akira TeraoRan
38%
201952Takashi ShimuraIkiru
38%
401960Michel ConstantinLe Trou
38%
331959Tatsuya NakadaiThe Human Condition I: No Greater Love
25%
351964Eiji OkadaWoman in the Dunes
25%
171961Tatsuya NakadaiThe Human Condition III: A Solider's Prayer
25%
81991Chang ChenA Brighter Summer Day
25%
41962Tatsuya NakadaiHarakiri
25%
371982Bertil GuveFanny & Alexander
25%
262000Wu Nien-JenYi Yi
25%
191994Mihály VígSatantango
13%

Score Distribution

Percentile by Number Answered

Percent of People with Each Score

Your Score History

You have not taken this quiz